Predicting 2026 FIFA World Cup Squads Part 1 - Statistics

General Stats
  • This quiz has been taken 64 times
  • The average score is 71 of 130
Answer Stats
Club Player % Correct
Brazil/Real Madrid Vinicius Junior
96%
Spain/Barcelona Lamine Yamal
86%
Barcelona Raphinha
86%
Aston Villa Emiliano Martinez
84%
France/Real Madrid Kylian Mbappe
84%
Inter Lautaro Martinez
84%
Manchester United Lisandro Martinez
84%
Real Madrid Rodrygo
84%
Inter Miami Lionel Messi
82%
Manchester United Casemiro
78%
Argentina/Atletico Madrid Julian Alvarez
78%
Tottenham Hotspur Richarlison
78%
Liverpool Alisson
76%
Atalanta | Manchester City Ederson
76%
Chelsea Enzo Fernandez
76%
Paris Saint-Germain Ousmane Dembele
76%
Real Madrid Eder Militao
73%
Real Madrid Eduardo Camavinga
73%
Barcelona Pedri
73%
Manchester City Savinho
73%
Paris Saint-Germain Desire Doue
71%
Arsenal Gabriel Martinelli
71%
Barcelona Gavi
71%
Juventus Khephren Thuram
71%
Inter Marcus Thuram
71%
Paris Saint-Germain Marquinhos
71%
Bayern Munich Michael Olise
71%
Milan Mike Maignan
71%
Athletic Bilbao Nico Williams
71%
Manchester City Rodri
71%
Liverpool Alexis Mac Allister
69%
Newcastle Bruno Guimaraes
69%
Liverpool Ibrahima Konate
69%
Paris Saint-Germain Bradley Barcola
67%
Chelsea Estevao
67%
Arsenal Gabriel Magalhaes
67%
Chelsea Joao Pedro
67%
Barcelona Jules Kounde
67%
Barcelona Marc-Andre ter Stegen
67%
Chelsea Marc Cucurella
67%
Inter Miami Rodrigo De Paul
67%
Arsenal William Saliba
67%
Real Madrid Aurelian Tchouameni
65%
Barcelona Dani Olmo
65%
Arsenal David Raya
65%
Liverpool Florian Wirtz
65%
Germany/Arsenal Kai Havertz
65%
West Ham Lucas Paqueta
65%
Arsenal Mikel Merino
65%
Barcelona Pau Cubarsi
65%
Real Madrid Antonio Rudiger
63%
Tottenham Hotspur Cristian Romero
63%
Paris Saint-Germain Fabian Ruiz
63%
Bayern Munich Joshua Kimmich
63%
Athletic Bilbao Unai Simon
63%
Juventus Bremer
61%
Manchester City Rayan Cherki
61%
Barcelona Alejandro Balde
59%
Bayern Munich Jamal Musiala
59%
Manchester United Leny Yoro
59%
Arsenal Martin Zubimendi
59%
Manchester United Matheus Cunha
59%
Leverkusen Alejandro Grimaldo
57%
Atletico Madrid Nahuel Molina
57%
Bayern Munich Dayot Upamecano
55%
Real Socieda Mikel Oyarzabal
55%
Juventus | Manchester City Nico Gonzalez
55%
Tottenham Hotspur Pedro Porro
55%
Real Madrid Franco Mastantuono
53%
Barcelona Joan Garcia
53%
Bayern Munich Leon Goretzka
53%
Galatasaray Leroy Sane
53%
Como Nico Paz
53%
Paris Saint-Germain Warren Zaire-Emery
53%
Leverkusen Exequiel Palacios
51%
Barcelona Ferran Torres
51%
Liverpool Hugo Ekitike
51%
Newcastle Joelinton
51%
Paris Saint-Germain Lucas Chevalier
51%
Manchester United Alejandro Garnacho
49%
Fulham Bernd Leno
49%
Real Madrid Dean Huijsen
49%
Atletico Madrid Giuliano Simeone
49%
Bayern Munich Jonathan Tah
49%
Lyon Nicolas Tagliafico
49%
Bayern Munich Serge Gnabry
49%
Dortmund Waltemar Anton
49%
Barcelona Fermin Lopez
47%
Athletic Bilbao Dani Vivian
45%
Dortmund Karim Adeyemi
45%
Bayern Munich Aleksandar Pavlovic
43%
Atletico Madrid Alex Baena
43%
Villareal Juan Foyth
43%
Paris Saint-Germain Lucas Hernandez
43%
Chelsea Malo Gusto
43%
Atletico Madrid Pablo Barrios
43%
Paris Saint-Germain Lucas Beraldo
41%
Nottingham Forest Murillo
41%
Chelsea Andrey Santos
39%
Marseille Geronimo Rulli
39%
Dortmund Nico Schlotterbeck
39%
Inter Carlos Augusto
37%
Aston Villa Boubakar Kamara
35%
Porto Samu Omorodion
35%
RB Leipzig David Raum
33%
Bournemouth Marcos Senesi
33%
Inter Milan Yann Bisseck
33%
Stuttgart Angelo Stiller
31%
Stuttgart Nick Woltemade
31%
Atletico Madrid Thiago Almada
31%
Stuttgart Alexander Nubel
29%
RB Leipzig Benjamin Henrichs
29%
Marseille Leonardo Balerdi
29%
Stuttgart Maximilian Mittelstadt
29%
Juventus Pierre Kalulu
29%
Paris Saint-Germain Randal Kolo Muani
29%
Fulham Andreas Pereira
27%
Al-Nassr Bento
27%
Rennes Brice Samba
27%
Stuttgart Deniz Undav
27%
Marseille Adrien Rabiot
24%
Crystal Palace Walter Benitez
24%
Bologna Santiago Castro
22%
Porto Alan Varela
20%
Frankfurt Jonathan Burkardt
20%
Dortmund Felix Nmecha
18%
Marseille Facundo Medina
14%
Bayern Munich Tom Bishof
2%
No matching quizzes found
Score Distribution
Percent of People with Each Score
Percentile by Number Answered
Your Score History
You have not taken this quiz